| 000 | 00343nam a22001337a 4500 | ||
|---|---|---|---|
| 005 | 20230818125951.0 | ||
| 008 | 230818b |||||||| |||| 00| 0 eng d | ||
| 040 | _aLoreto college | ||
| 041 | _aEnglish | ||
| 082 |
_a396 _bTHO |
||
| 245 |
_aFeminist theory and cultural studies _bstories of unsettled relations |
||
| 850 | _aLCLIB | ||
| 942 | _cBK | ||
| 999 |
_c43521 _d94000 |
||